| 000 | 00547nam a22001937a 4500 | ||
|---|---|---|---|
| 005 | 20260429093200.0 | ||
| 008 | 260429b |||||||| |||| 00| 0 eng d | ||
| 020 | _a978-1-292-06130-6 | ||
| 050 | _aQH 317.M67 2015 | ||
| 100 | _aMORGAN JUDITH GILES | ||
| 245 | _aINVESTIGATING BIOLOGY LABORATORY MANUAL | ||
| 250 | _a8th, GLOBAL EDITION | ||
| 260 |
_aNEWYORK _bPEARSON PUBLISHERS _c2015 |
||
| 300 | _aX,838 | ||
| 500 | _aINCLUDES AN APPENDIX | ||
| 650 | _aBiology laboratory manual | ||
| 700 | _aCARTER ELOISE BROWN M. | ||
| 942 |
_2lcc _cBK |
||
| 999 |
_c217071 _d217071 |
||